| 000 | 00644nam a2200229 4500 | ||
|---|---|---|---|
| 001 | 46034 | ||
| 010 | _a9789895547609 | ||
| 021 | _b313778/10 | ||
| 090 | _a46034 | ||
| 100 | _a20110718d2010 m y0pory5003 ba | ||
| 101 | 1 | _apor | |
| 102 | _aPT | ||
| 200 | 1 |
_aNoites brancas _fFiodor Dostoievski _gtrad. Diogo Carneiro |
|
| 210 | 9 |
_aMatosinhos _cQuidNovi, _cdist. Global Notícias _dcop. 2010 |
|
| 215 |
_a95 p. _d20 cm |
||
| 225 | 2 |
_aBiblioteca de Verão _v21 |
|
| 304 | _aTit. orig.: Belye nochi | ||
| 675 |
_a821.161.1-31"18" _vBN _zpor |
||
| 700 | 0 |
_aDostoievski, _f1821-1881 |
|
| 702 | 1 |
_92 _aCarneiro, _bDiogo _4730 |
|
| 801 | 0 |
_aPT _bBN _gRPC |
|
| 990 | _cLIVROS | ||